000 00931nam a2200253 i 4500
001 111169
003 ES-MaACL
005 20251121121103.0
007 t|
008 061121s1909 gw r ||||1| spa d
080 _a811.134.2'36
100 1 _aNebrija, Antonio de,
_d1444-1522
_985269
245 1 0 _aGramática castellana /
_cAntonio de Lebrija [sic] ; publiée avec une préface par E. Walberg.
260 _aHalle :
_bMax Niemeyer,
_c1909.
300 _aXV, [132] p. ;
_c20 cm.
530 _aDisponible en formato digital.
534 _pReprod. phototypique de l'édition princeps (1492)
650 4 _aLengua española-
_xGramática-
_vObras anteriores a 1800.
_914163
700 1 _aWalberg, E.
_9115889
852 4 _aES-MaACL
_jG-268
_cDEPO2
856 4 _uhttps://bibliotecadigital.jcyl.es/es/consulta/registro.do?id=4900
_y(Biblioteca Digital de Castilla y León)
942 _2udc
999 _c111169
_d111169